000
00253nam a22001097a 4500
020
_a
9780060158842
082
_a
808.042 ZIN
245
_a
Writing to learn
_c
Zinsser, William
260
_a
New York
_b
Harper & Row
590
_a
.....
942
_2
ddc
_c
BK
999
_c
616996
_d
616996